000 00685nam a22002417a 4500
003 UA-OsUOA
001 31754
007 ta
008 20050111b un ||||| |||| 00| 0 ukr d
090 _a94(4)"1914/1919"
_bП26
942 _cBK
040 _aUA-OsUOA
_brus
_cUA-OsUOA
_dUA-OsUOA
245 _aПервая мировая война
_bПролог ХХ века
_cРед. В. Л.МальковРец. Р. П.Гришина О. В.Серова
300 _a698 с.
955 _a0
041 _arus
080 _a94(4)"1914/1919"
020 _a5-02-008662-2
260 _aМосква
_bНаука
_c1999
044 _aRU
650 7 _2UDC
999 _c318184
_d318184